000
00327nam a22001457a 4500
020
_a
9781118092484
082
_a
515 ANT
100
_a
Anton, Howard
245
_a
Calculus : late transcendentals
250
_a
10th ed.
260
_a
New York
_b
John Wiley
_c
2013
650
_a
Calculus
700
_a
Howard Anton
942
_c
BK
999
_c
11588
_d
11588